| 000 | 00000nam##2200000za#4500 |
| 001 | 9.695020 |
| 003 | CaOODSP |
| 005 | 20210624234402 |
| 007 | cr ||||||||||| |
| 008 | 150407|1998||||xxc|||||o f|0| 0 eng|d |
| 040 | |aCaOODSP|beng |
| 043 | |an-cn--- |
| 086 | 1 |aEn133-37/1998E-PDF |
| 110 | 2 |aNational Round Table on the Environment and the Economy (Canada) |
| 245 | 10|aSustainable strategies for oceans : |h[electronic resource]|ba co-management guide |
| 260 | |aOttawa - Ontario : |bNational Round Table on the Environment and the Economy |cc1998. |
| 300 | |a102p. |
| 500 | |aContents: Oceans stewardship is a key Canadian sustainability issue.--The new wave in ocean activity management.--Defining co-management.--The road to successful co-management regimes.--Co-management issues to be resolved.--Conclusions and recommendations.--Appendices.--Bibliography. |
| 500 | |aThe ISBN (1-895643-72-4) for the print edition has been incorrectly copied in this PDF version. |
| 504 | |aBibliography. |
| 590 | |a12-29-Supp|b2012-06-25 |
| 690 | 07|aOceans|2gcpds |
| 690 | 07|aNatural resources|2gcpds |
| 775 | 08|tStratégies de gestion viable des océans : |w(CaOODSP)9.639181 |
| 776 | 0#|tSustainable strategies for oceans: a co-management guide |w(CaOODSP)9.647109 |
| 856 | 40|ahttp://publications.gc.ca|qPDF|s14071 KB|uhttps://publications.gc.ca/collections/collection_2011/trnee-nrtee/En133-37-1998-eng.pdf |